Statistics for Capitals Of France

Click here to take the quiz!

General Stats

  • This quiz has been taken 19 times
  • The average score is 11 of 18

Answers on the Map

Answers color-coded by a green-red scale on the quiz's map according to % correct below.
Loading ...
 

Answer Stats

Region% Correct
Paris
100%
Bordeaux
94%
Marseille
94%
Toulouse
94%
Rennes
89%
Lille
89%
Strasbourg
89%
Lyon
83%
Nantes
83%
Orleans
72%
Ajaccio
67%
Cayenne
39%
Saint Denis
33%
Basse Terre
17%
Fort De France
17%
Mamoudzou
11%
Normandy
0%
Bescanon
0%

Score Distribution

Percentile by Number Answered

Percent of People with Each Score

Your Score History

You have not taken this quiz